000 00524nam a2200181Ia 4500
001 22117
003 IN-NITTTR
005 20251114233250.0
008 251113s9999||||xx |||||||||||||| ||eng||
040 _beng
040 _cIN-NITTTR
041 _aeng
082 _a658.3 G41M
100 _aGilley, Jerry W.
245 0 _aMarketing HRD within organisations enhancing the visibility,effectiveness and credibility of programs. /
_cGilley, Jerry W., Eggland, Steven A.
700 _a Eggland, Steven A.
942 _2ddc
_cBK
999 _c24746
_d24746